banner koha

Caracterizacao e implementacao de uma politica para o leite (Registro n. 317497)

MARC details
000 -LÍDER
campo de controle de tamanho fixo 01214naa a22003257a 4500
001 - NÚMERO DE CONTROLE
campo de controle BR8600475
003 - IDENTIFICADOR DO NÚMERO DE CONTROLE
campo de controle BR-BrBNA
005 - DATA E HORÁRIO DA ÚLTIMA TRANSAÇÃO
campo de controle 20240918175625.0
007 - CAMPO FIXO DE DESCRIÇÃO FÍSICA--INFORMAÇÃO GERAL
campo de controle de tamanho fixo ta
008 - CAMPO DE DADOS FIXOS--INFORMAÇÃO GERAL
campo de controle de tamanho fixo 230509b bl.||||| |||| 00| 0 por d
040 ## - FONTE DA CATALOGAÇÃO
Instituição da catalogação original BR-BrBNA
Idioma da catalogação por
Instituição que transcreveu o registro Biblioteca Nacional de Agricultura
041 ## - CÓDIGO DE IDIOMA
Código do idioma do texto/trilha sonora ou título diferente (Pt)
072 ## - CÓDIGO DE CATEGORIA DE ASSUNTO
Código de Categoria de Assunto E14; E70
Código do objeto 9410
-- G514
090 ## - NÚMERO DE CHAMADA LOCAL
Número de chamada E14 BR8600475
100 1# - ENTRADA PRINCIPAL--NOME PESSOAL
Nome pessoal Farina, E.M.M.Q.
111 1# - ENTRADA PRINCIPAL--NOME DO EVENTO
Nome do evento ou lugar Congresso Brasileiro de Gado Leiteiro
Local do evento Campinas, SP (Brazil)
Data do evento ou assinatura do tratado 7-11 Oct 1985
245 1# - TÍTULO
Título Caracterizacao e implementacao de uma politica para o leite
246 1# - FORMA VARIANTE DO TÍTULO
Título/título abreviado [Characterization and implementation of a milk policy]
246 1# - FORMA VARIANTE DO TÍTULO
Título/título abreviado [Characterization and implementation of a milk policy]
260 3# - PUBLICAÇÃO, DISTRIBUIÇÃO, ETC.
Local de publicação, distribuição, etc. Piracicaba, SP (Brasil):
Data da publicação, distribuição, etc. 1985.
500 ## - NOTA GERAL
Nota geral Caracterizacao e implementacao de uma politica para o leite<br/>Piracicaba, SP (Brasil): 1985. p. 95-116<br/>(BR8600475-AM)E14<br/>
650 ## - ASSUNTO--TERMO TÓPICO
Cabeçalho tópico ou nome geográfico LEITE
650 ## - ASSUNTO--TERMO TÓPICO
Cabeçalho tópico ou nome geográfico BOVINO
650 ## - ASSUNTO--TERMO TÓPICO
Cabeçalho tópico ou nome geográfico POLITICA ECONOMICA
650 ## - ASSUNTO--TERMO TÓPICO
Cabeçalho tópico ou nome geográfico PRECO
650 ## - ASSUNTO--TERMO TÓPICO
Cabeçalho tópico ou nome geográfico COMERCIALIZACAO
773 0# - ENTRADA ANALÍTICA
Título Caracterizacao e implementacao de uma politica para o leite
Número de controle do registro E14 BR8600475
Partes relacionadas Piracicaba, SP (Brasil), 1985. p. 95-116
909 ## -
-- 202404
-- Lucia
-- 55
-- Lucia Elande
942 ## - ELEMENTOS DE ENTRADA ADICIONADOS (KOHA)
Tipo de material Koha Capítulo-Livro
Fonte da classificação ou esquema de arquivamento na estante Classificação AGRIS
Exemplares
Situação do descarte Fonte da classificação ou esquema de arquivamento na estante Situação física Não pode ser emprestado Coleção Biblioteca de origem Biblioteca atual Localização na estante Total de empréstimos Número de telefone completo Data de último acesso Número do exemplar Tipo de material Koha Situação das perdas Data de aquisição Fonte de aquisição
  Classificação AGRIS       Biblioteca Nacional de Agricultura - Binagri Biblioteca Nacional de Agricultura - Binagri Agrobase - Acervo Geral   9410 BR8600465 20/05/2024 01 Capítulo-Livro   2024-04-11 Portaria Interministerial nº 164/94

BINAGRI

Telefone: (61)3218-2567/2388/3357/2097 - binagri@agro.gov.br

Ministério da Agricultura e Pecuária , Esplanada dos Ministérios, Bloco D, Anexo B, Brasília/DF, CEP: 70.043-900